|
|
|
|
| LEADER |
00814nam a22002297a 4500 |
| 001 |
AAL6806 |
| 003 |
BD-DhAAL |
| 005 |
20161002120640.0 |
| 008 |
161002s 2002bg a|||| |||| 00| 0 ben d |
| 020 |
|
|
|a 984810120X
|
| 040 |
|
|
|a BD-DhAAL
|c BD-DhAAL
|
| 082 |
|
|
|a 598
|
| 100 |
|
|
|a ইমাম, আলী
|9 20492
|
| 245 |
|
|
|a পাখির রাজ্যে /
|c আলী ইমাম
|
| 260 |
|
|
|a ঢাকা :
|b সূচীপত্র,
|c ২০০২
|
| 300 |
|
|
|a ৩২ পৃ. :
|b চিত্র ;
|c ২৫ সে.মি.
|
| 541 |
|
|
|e 6806
|
| 650 |
|
|
|a Birds
|9 20493
|
| 852 |
|
|
|a Savar Campus Library
|c General Shelf
|
| 942 |
|
|
|2 ddc
|c BK
|
| 999 |
|
|
|c 37842
|d 37842
|
| 952 |
|
|
|0 0
|1 0
|2 ddc
|4 0
|6 598_000000000000000_IMA
|7 0
|9 59664
|a SCL
|b SCL
|c GEN
|d 2016-10-02
|g 50.00
|l 0
|o 598 IMA
|p 3020006806
|r 2016-10-02
|t 1
|w 2016-10-02
|y BK
|